Les 200 prénoms les plus portés en France - Statistiques

Statistiques générales
  • Ce quiz a été pris 3 835 fois
  • Le résultat moyen est 85 sur 200
Statistiques - réponses
Hint Réponse % Correct
J Jean
95%
M Marie
91%
P Paul
88%
J Julie
83%
P Pierre
80%
L Louis
77%
F François
74%
P Patrick
72%
A Anne
70%
L Léa
70%
M Michel
70%
E Emma
68%
M Marc
66%
JC Jean-Claude
64%
J Julien
63%
T Thomas
63%
A Antoine
62%
L Louise
62%
C Christophe
61%
C Claude
61%
J Jeanne
61%
M Manon
61%
N Nicolas
61%
P Pauline
61%
P Philippe
61%
S Sophie
61%
JP Jean-Pierre
60%
A Alexandre
59%
F Françoise
59%
J Jacques
59%
D Daniel
58%
C Camille
57%
J Juliette
57%
N Nathalie
57%
B Bernard
56%
D David
56%
I Isabelle
56%
S Sylvie
56%
C Charles
55%
C Christian
55%
JF Jean-François
55%
L Lucas
55%
L Lucie
55%
O Olivier
55%
D Dominique
54%
Q Quentin
54%
R Romain
54%
V Valérie
54%
C Chloé
53%
K Kevin
53%
X Xavier
53%
C Christine
52%
H Hugo
52%
M Mathieu
52%
P Pascal
52%
S Stéphane
52%
E Émilie
51%
L Laura
51%
L Laurent
51%
M Maxime
51%
S Sarah
51%
S Stéphanie
51%
T Théo
51%
A Alain
50%
G Gérard
50%
A André
49%
C Catherine
49%
C Charlotte
49%
M Marine
49%
M Michelle
49%
S Sandrine
49%
Y Yves
49%
F Fabien
48%
S Sébastien
48%
A Aurélie
47%
C Céline
47%
C Clément
47%
E Eric
47%
F Frédéric
47%
P Patrice
47%
V Vincent
47%
A Alice
46%
C Caroline
46%
D Damien
46%
M Marion
46%
M Martine
46%
P Patricia
46%
JL Jean-Luc
45%
M Monique
45%
V Véronique
45%
D Didier
44%
G Guillaume
44%
H Henri
44%
K Karine
44%
C Christelle
43%
D Denis
43%
H Hélène
43%
M Mathilde
43%
A Alexis
42%
E Emmanuel
42%
J Jérôme
42%
AM Anne-Marie
41%
A Annie
41%
F Franck
41%
G Georges
41%
T Thierry
41%
A Anthony
40%
F Fabrice
40%
L Laurence
40%
N Nicole
40%
B Béatrice
39%
C Corinne
39%
D Danielle
39%
F Florence
39%
C Christiane
38%
M Maurice
38%
R Raphaël
38%
R Robert
38%
C Claire
37%
J Joseph
37%
M Marcel
37%
B Benjamin
36%
B Brigitte
36%
C Cécile
36%
J Jeremy
36%
R René
36%
V Virginie
36%
Y Yvette
36%
B Benoît
35%
E Élodie
35%
F Florian
35%
A Alexandra
34%
A Audrey
34%
B Bruno
34%
C Cédric
34%
J Jacqueline
34%
M Mélanie
34%
S Sandra
34%
D Denise
33%
G Gilles
33%
A Anaïs
32%
C Carole
32%
F Fabienne
32%
R Roger
32%
S Sylvain
32%
A Arnaud
31%
C Claudine
31%
J Joël
31%
P Pascale
31%
A Adrien
30%
C Chantal
30%
G Guy
30%
D Delphine
29%
F Francis
29%
P Paulette
29%
S Serge
29%
N Nadine
28%
A Amandine
27%
A Andrée
27%
M Michèle
27%
S Séverine
27%
S Simone
27%
E Élisabeth
26%
Y Yvonne
26%
J Jeannine
25%
M Mickaël
25%
R Renée
25%
T Thérèse
25%
A Annick
24%
C Colette
24%
H Hervé
24%
M Madeleine
24%
R Raymond
24%
B Bernadette
23%
J Jonathan
23%
L Ludovic
23%
J Josiane
22%
L Lætitia
22%
S Sabrina
22%
S Suzanne
22%
J Josette
21%
J Joëlle
20%
L Loïc
20%
M Marguerite
20%
M Mireille
20%
E Évelyne
19%
G Gilbert
19%
G Ginette
19%
M Marcelle
19%
O Odette
19%
A Agnès
17%
A Angélique
17%
G Gisèle
17%
L Liliane
17%
M Micheline
17%
J Jocelyne
16%
M Myriam
16%
G Geneviève
15%
E Éliane
13%
M Maryse
12%
Aucun quiz correspondant
Distribution des résultats
% des personnes avec chaque résultat
Percentile par nombre de réponses
Votre historique - résultats
Vous n’avez pas pris ce quiz